书目信息 |
| 题名: |
混凝土的性能
|
|
| 作者: | 内维尔 , Neville 著 ;李国泮 , 马贞勇 译 | |
| 分册: | ||
| 出版信息: | 北京 中国建筑工业出版社 1983 |
|
| 页数: | 857页 | |
| 开本: | 21cm | |
| 丛书名: | ||
| 单 册: | ||
| 中图分类: | TU528 | |
| 科图分类: | ||
| 主题词: | 建筑材料:非金属材料 | |
| 电子资源: | ||
| ISBN: | ||
| 000 | 00879nam0 2200301 45 | |
| 001 | 0183004823 | |
| 005 | 20040517112944.6 | |
| 010 | @dCNY4.40 | |
| 091 | @a15040.4504 | |
| 100 | @a19950720d1983 em y0chiy0121 ea | |
| 101 | 1 | @achi@ceng |
| 102 | @aCN@b110000 | |
| 105 | @ay z 000yy | |
| 106 | @ar | |
| 200 | 10 | @a混凝土的性能@Ahun ning tu de xing neng@f(英)内维尔(A.M.Neville)著@g李国泮, 马贞勇译 |
| 210 | @a北京@c中国建筑工业出版社@d1983 | |
| 215 | @a857页@d21cm | |
| 300 | @a书名原文:Properties of concrete | |
| 510 | 1 | @aProperties of concrete@zeng |
| 606 | 0 | @a建筑材料:非金属材料 |
| 690 | @aTU528 | |
| 701 | 1 | @a内维尔@Anei wei er@bA.M.@4著 |
| 701 | A1 | @aNeville@bA.M.@4著 |
| 702 | 0 | @a李国泮@Ali guo pan@4译 |
| 702 | 0 | @a马贞勇@Ama zhen yong@4译 |
| 801 | 0 | @aCN@b上海图书馆@c20040517 |
| 801 | 2 | @aCN@bNLC@c20040517 |
| 905 | @f1@b102400@dTU528@e26 | |
| 混凝土的性能/(英)内维尔(A.M.Neville)著/李国泮, 马贞勇译.-北京:中国建筑工业出版社,1983 |
| 857页;21cm |
| 书名原文:Properties of concrete |
| ISBN :CNY4.40 |
| ● |
| 相关链接 |
|
|
|
|
正题名:混凝土的性能
索取号:TU528/26
 
预约/预借
| 序号 | 登录号 | 条形码 | 馆藏地/架位号 | 状态 | 备注 |
| 1 | 0102400 | 001480935 | 第三借阅区/ [索取号:TU528/26] | 在馆 | |
| 2 | 0102401 | 001481006 | 第二样本阅览室/ [索取号:TU528/26] | 在馆 |